Statistics for Pipe organ quiz

Click here to take the quiz!

General Stats

  • This quiz has been taken 130 times
  • The average score is 9 of 16

Answer Stats

HintAnswer% Correct
Name for an organ keyboardManual
95%
Celeste, Gamba, Cello stop typeString
70%
Row of organ pipes used to make a soundRank
67%
Composer of the Wedding MarchMendelssohn
67%
Claribel, Bourdon, Piccolo stop typeFlute
65%
Second most commonReed
63%
Second largest organ in the worldWanamaker Organ
60%
Metal most organ pipes are made ofLead
58%
Part of the organ that allows air into pipesStop
54%
Most common variety of organ pipeFlue
54%
Found in the city ofPhiladelphia
53%
Country with the world's oldest playable organSwitzerland
51%
Found in the city ofAtlantic City
49%
Loudest organ stop in the worldGrand Ophicleide
39%
The first ever organist nominated for a GrammyCameron Carpenter
37%
Name of the largest organ in the worldBoardwalk Hall Auditorium Organ
33%

Score Distribution

Percentile by Number Answered

Percent of People with Each Score

Your Score History

You have not taken this quiz